Epic April Fools' Pranks Quiz Stats

Quiz Updated Apr 1, 2018

Challenge
Share
Tweet
Score 0/20 Timer 06:00
1 Play Today
% Correct
Loch Ness Monster
95.8%
Big Ben (Elizabeth Tower)
94.3%
Gravity
93.9%
Sydney
92.9%
Burger King
91.9%
The Titanic
91.8%
Richard Nixon
91.5%
The Tower of London
91.1%
Google
90.9%
Unicorn
90.7%
% Correct
Robin Hood
90.6%
Pi
90.2%
Thomas Edison
89.3%
Margaret Thatcher & Mikhail Gorbachev
89%
Liberty Bell
88.5%
Seattle
88.1%
Easter Island
85.9%
Indian Ocean
85.6%
'Never Gonna Give You Up' (Rick Astley)
76.5%
Belgium
73.9%

You're not logged in!

Compare scores with friends on all Sporcle quizzes.
Sign Up with Email
OR
Log In

You Might Also Like...

Show Comments

Extras

Top Quizzes Today


Score Distribution

Your Account Isn't Verified!

In order to create a playlist on Sporcle, you need to verify the email address you used during registration. Go to your Sporcle Settings to finish the process.

Report this User

Report this user for behavior that violates our Community Guidelines.

Details: